Представление документа в формате MARC21

Поле Инд. ПП Название Значение
Тип записи a
Библиографический уровень m
001 Контрольный номер RU/LIBMSTU/283450809
005 Дата корректировки 20200430115335.7
008 Кодируемые данные 090112|||||||||ru |||||||||||000|||rus||
020 a ISBN 978-5-238-01381-7
c Цена, тираж 400-00
040 b Код языка каталог. rus
041 0_ a Код языка текста rus
084 a Индекс другой классификации/Индекс ББК 67.401.0я7
090 a Полочн. индекс 67.401
x Авторский знак А 31
245 10 a Заглавие Административное право России
b Продолж. заглавия учебник для вузов
c Ответственность [П. И. Кононов и др.] ; под ред. П. И. Кононова, В. Я. Кикотя, И. Ш. Килясханова
250 a Основные сведения об издании 3-е изд., перераб. и доп.
260 a Место издания Москва
b Издательство Юнити-Дана
b Издательство Закон и право
c Дата издания 2008
300 a Объем 559 с.
500 a Примечание Авт. указаны на с. 4
504 a Библиография Библиогр.: с. 550-554
650 04 a Основная рубрика Административное право-Российская Федерация-Учебные издания для высших учебных заведений
653 0_ a Ключевые слова Административное право
653 1_ a Ключевые слова Общественные отношения
653 1_ a Ключевые слова Организации
653 1_ a Ключевые слова Государственная служба
700 12 a Другие авторы Кононов П. И.
e Роль лиц авт.-ред.
901 t Тип документа m
952 b Гриф литературы для ВШ Рекомендовано МО РФ
c Вид литературы учебник